000 00397nam a2200157Ia 4500
003 GCL
008 140319s9999 xx 000 0 ara d
040 _aGCL /
_cGCL
082 0 4 _aد
_b050
100 1 _aزينب عفيفى
245 1 0 _aهولاء يعترفون (اقرا 589 ) /
_cزينب عفيفى
300 _a170
490 _aاقرأ
_v0
650 0 4 _aالادباء
942 _2ddc
_cBK
999 _c49577
_d49577